000 00324nam a22001577a 4500
003 SGT
020 _a9788131264492
082 _a617.525
_bW23P
100 _aPatel, Manusukh B.
245 _aWard Procedures
250 _a7th
260 _bElsevier
_c2023
300 _a418
650 _aOral Surgery
942 _2ddc
_cBK
999 _c24702
_d24702